Speaking Technically: A Handbook for Scientists, Engineers and Physicians on How to Improve Technical Presentations /

Gespeichert in:
Bibliographische Detailangaben
1. Verfasser: Goodlad, Sinclair (Verfasst von)
Format: Buch
Sprache:Englisch
Veröffentlicht: London: World Scientific Publishing, 1996
Ausgabe:1st Edition
Schlagworte:
Tags: Tag hinzufügen
Keine Tags, Fügen Sie das erste Tag hinzu!

MARC

LEADER 00000nam a22000003a 4500
001 0101501
003 SK-STU
005 20231212093720.2
007 ta
008 230424s ----xo-----e------000-0-----d
020 |a 9781860943942 
040 |a STU  |b slo 
041 0 |a eng  |h eng 
044 |a xxk 
100 1 |a Goodlad, Sinclair  |4 aut  |r Z6 
245 1 0 |a Speaking Technically:  |b A Handbook for Scientists, Engineers and Physicians on How to Improve Technical Presentations /  |c aut. Sinclair Goodlad 
250 |a 1st Edition 
260 |a London:  |b World Scientific Publishing,  |c 1996 
300 |a 128 s. 
500 |a E-book 
650 0 7 |a technika 
650 0 7 |a jazyk 
650 0 7 |a technical writing 
650 0 7 |a presentations 
650 0 7 |a Scientific Writing Guides Collection 
650 0 7 |a e-kniha 
996 |c V* 15/EK  |l VVT  |s A  |a 24  |w 0101501_0001